000 00628nab a2200193 4500
001 244442
003 OSt
005 20250702083509.0
007 tu
008 200917s2020|||||||
040 _aDE-2950
_cDE-2950
245 0 0 _aEngagiert für eine grüne Oase der Stadt
_bKiez-Talk. Vor mehr als 15 Jahren gründete Sonja Gudlowski die Bürgerinitiative, um den Lennépark vor dem Verfall zu bewahren/
_cuwk
264 _c2024
653 _aFrankfurt (Oder)
653 _aKiez-Talk
653 _aSonja Gudlowski
773 0 _g36. Jahrgang (2025) Nr. 141 vom 20.06.2025, S. 16 mit Foto
_tMärkische Oderzeitung
942 _2z
_cA
999 _c373850
_d373850